000
00329nam a2200133Ia 4500
008
190723s9999 xx 000 0 und d
020
_a
978-983-47-1194-8
100
_a
Norlida Kamaluddin
245
0
_a
Principles of Management
250
_a
2rd
260
_a
New York
_b
Oxford University
_c
2014
300
_a
388
942
_c
BK
999
_c
1342
_d
1342